<?xml version="1.0" encoding="UTF-8"?>
<record
    xmlns:xsi="http://www.w3.org/2001/XMLSchema-instance"
    xsi:schemaLocation="http://www.loc.gov/MARC21/slim http://www.loc.gov/standards/marcxml/schema/MARC21slim.xsd"
    xmlns="http://www.loc.gov/MARC21/slim">

  <leader>02059    a2200265   4500</leader>
  <controlfield tag="003">OSt</controlfield>
  <controlfield tag="005">20180116192351.0</controlfield>
  <controlfield tag="008">120605t    2007xxu||||| |||| 00| 0 eng d</controlfield>
  <datafield tag="020" ind1=" " ind2=" ">
    <subfield code="a">0470034769 (paperback)</subfield>
  </datafield>
  <datafield tag="020" ind1=" " ind2=" ">
    <subfield code="a">9780470034767 (paperback)</subfield>
  </datafield>
  <datafield tag="040" ind1=" " ind2=" ">
    <subfield code="c">0</subfield>
  </datafield>
  <datafield tag="082" ind1="0" ind2="4">
    <subfield code="a">720.954</subfield>
  </datafield>
  <datafield tag="245" ind1="1" ind2="0">
    <subfield code="a">Made in india /</subfield>
    <subfield code="c">Kazi Ashraf.</subfield>
  </datafield>
  <datafield tag="260" ind1=" " ind2=" ">
    <subfield code="a">London :</subfield>
    <subfield code="b">Wiley,</subfield>
    <subfield code="c">2007.</subfield>
  </datafield>
  <datafield tag="300" ind1=" " ind2=" ">
    <subfield code="a">160 p. :</subfield>
    <subfield code="b">ill;</subfield>
    <subfield code="c">28 cm.</subfield>
  </datafield>
  <datafield tag="490" ind1="1" ind2=" ">
    <subfield code="a">Architectural design.</subfield>
  </datafield>
  <datafield tag="520" ind1=" " ind2=" ">
    <subfield code="a">Made in India Guest-edited by Kazi K Ashraf The architectural and urban landscape of India is being remade in unexpected and exuberant ways. New economic growth, the infiltration of global media and technologies, and the transnational reach of the diasporic Indian have unleashed a new cultural and social dynamic. While the dynamic is most explicit and visible in the context of the Indian city, a different set of transformations is taking place in the rural milieu. Yet, as the political writer Sunil Khilnani notes, the world's sense of India, of what it stands for and what it wishes to become, seems as confused and divided today as is India's own sense of itself. It is a challenge, in these conditions, to explore how the deeply entrenched histories and traditions of India are being reimagined, and how questions of the extraordinary diversity of India are being reinterpreted in its architectural and urban landscape. AD traces this compelling story through the writings of Prem Chandavarkar, Sunil Khilnani, Anupama Kundoo, Reinhold Martin, Michael Sorkin, Anuradha Mathur and Dilip da Cunha, and others, as well as through the work of some 25 practices currently producing work on the Indian subcontinent.</subfield>
  </datafield>
  <datafield tag="650" ind1="1" ind2="0">
    <subfield code="a">Architecture and society</subfield>
    <subfield code="9">3793</subfield>
  </datafield>
  <datafield tag="650" ind1="1" ind2="0">
    <subfield code="a">Architecture</subfield>
    <subfield code="z">India</subfield>
    <subfield code="9">3794</subfield>
  </datafield>
  <datafield tag="700" ind1="1" ind2=" ">
    <subfield code="a">Ashraf, Kazi.</subfield>
    <subfield code="9">3795</subfield>
  </datafield>
  <datafield tag="830" ind1=" " ind2="0">
    <subfield code="a">Architectural design.</subfield>
    <subfield code="9">3796</subfield>
  </datafield>
  <datafield tag="856" ind1="4" ind2="0">
    <subfield code="3">Amazon.com</subfield>
    <subfield code="u">http://www.amazon.com/exec/obidos/ASIN/0470034769/chopaconline-20</subfield>
  </datafield>
  <datafield tag="942" ind1=" " ind2=" ">
    <subfield code="a">SADA</subfield>
    <subfield code="c">BK</subfield>
    <subfield code="k">720.954 MAD 2007</subfield>
    <subfield code="2">ddc</subfield>
  </datafield>
  <datafield tag="999" ind1=" " ind2=" ">
    <subfield code="c">352952</subfield>
    <subfield code="d">352952</subfield>
  </datafield>
  <datafield tag="952" ind1=" " ind2=" ">
    <subfield code="0">0</subfield>
    <subfield code="1">0</subfield>
    <subfield code="2">ddc</subfield>
    <subfield code="4">0</subfield>
    <subfield code="7">0</subfield>
    <subfield code="a">SADA</subfield>
    <subfield code="b">SADA</subfield>
    <subfield code="d">2011-05-23</subfield>
    <subfield code="l">3</subfield>
    <subfield code="o">720.954 MAD 2007</subfield>
    <subfield code="p">SADA0001078</subfield>
    <subfield code="r">2015-05-15</subfield>
    <subfield code="s">2015-04-23</subfield>
    <subfield code="v">2653.00</subfield>
    <subfield code="w">2011-08-05</subfield>
    <subfield code="y">BK</subfield>
  </datafield>
</record>
